| 000 | 00451pab a2200181 454500 | ||
|---|---|---|---|
| 008 | 180718b2008 xxu||||| |||| 00| 0 eng d | ||
| 100 | _aChitturi, Ramakrishna R. | ||
| 245 | _aGrowing India: emerging trade and investment ties with Taiwan | ||
| 260 | _c2008 | ||
| 300 | _ap.63-79. | ||
| 362 | _aApr | ||
| 650 | _aInvestment | ||
| 650 | _aTrade | ||
| 650 | _aEconomic growth | ||
| 773 | _aAsian Economic Review | ||
| 908 | _aN | ||
| 909 | _a78601 | ||
| 999 |
_c78601 _d78601 |
||